[Event "Mittelfrank Regionalliga Sud-Ost 2122"]
[Site "Mittelfranken"]
[Date "2022.05.08"]
[Round "8.7"]
[White "Senff, Rudolf"]
[Black "Richter, Klaus"]
[Result "0-1"]
[WhiteElo "1722"]
[BlackElo "1939"]
[PlyCount "56"]
[EventDate "2021.10.24"]
[EventType "team-tourn"]
[EventRounds "9"]
[EventCountry "GER"]
[SourceTitle "EXT 2024"]
[Source "ChessBase"]
[SourceDate "2023.10.10"]
[SourceVersion "1"]
[SourceVersionDate "2023.10.10"]
[SourceQuality "1"]
[WhiteTeam "Landau Dingolfing"]
[BlackTeam "Neuburg"]
[WhiteTeamCountry "GER"]
[BlackTeamCountry "GER"]

1. c4 g6 2. g3 Bg7 3. Bg2 c5 4. Nc3 Nc6 5. e4 d6 6. Nge2 e6 7. d3 Nge7 8. 0-0 0-0 9. Be3 Nd4 10. Qd2 Qa5 11. Rac1 Nec6 12. f4 Rb8 13. g4 Nxe2+ 14. Qxe2 Nd4 15. Bxd4 Bxd4+ 16. Kh1 Qd8 17. Nb5 Bg7 18. Nxa7 Bd7 19. Nb5 Bxb5 20. cxb5 Qh4 21. a4 b6 22. b3 Bd4 23. Qf3 g5 24. Qh3 Qxh3 25. Bxh3 gxf4 26. Rxf4 Be3 27. Rff1 Bxc1 28. Rxc1 Kg7 0-1

[Event "OP-2020-0-04977"]
[Site "LSS email"]
[Date "2020.05.26"]
[Round "?"]
[White "Richter, Klaus"]
[Black "Plutarco, Fosca"]
[Result "0-1"]
[WhiteElo "1737"]
[BlackElo "1858"]
[PlyCount "40"]
[EventDate "2020.05.22"]
[EventType "tourn (corr)"]
[EventRounds "4"]
[EventCountry "GER"]
[SourceTitle "Corr 2022"]
[Source "ChessBase"]
[SourceDate "2021.10.24"]
[SourceVersion "1"]
[SourceVersionDate "2021.10.24"]
[SourceQuality "1"]

1. d4 d5 2. e4 dxe4 3. Nc3 Nf6 4. f3 exf3 5. Nxf3 Bg4 6. Bc4 e6 7. h3 Bh5 8. Qe2 Bb4 9. g4 Bg6 10. Bd2 0-0 11. 0-0-0 Nc6 12. a3 Bxc3 13. Bxc3 Qd6 14. Rhf1 Rab8 15. Nh4 Ne4 16. Nxg6 Nxc3 17. Qd3 Nxd1 18. Nxf8 Rxf8 19. Rxd1 Qf4+ 20. Qd2 Qxd2+ 0-1

[Event "OP-2020-0-04977"]
[Site "LSS email"]
[Date "2020.05.26"]
[Round "?"]
[White "Richter, Klaus"]
[Black "Shadrin, Vladimir"]
[Result "0-1"]
[WhiteElo "1737"]
[BlackElo "800"]
[PlyCount "30"]
[EventDate "2020.05.22"]
[EventType "tourn (corr)"]
[EventRounds "4"]
[EventCountry "GER"]
[SourceTitle "Corr 2022"]
[Source "ChessBase"]
[SourceDate "2021.10.24"]
[SourceVersion "1"]
[SourceVersionDate "2021.10.24"]
[SourceQuality "1"]

1. d4 d5 2. e4 c6 3. exd5 cxd5 4. c4 Nf6 5. c5 Nc6 6. Bb5 e5 7. Nf3 exd4 8. Qxd4 Be7 9. Bxc6+ bxc6 10. 0-0 0-0 11. Ne5 Qc7 12. Nc3 Bxc5 13. Qxc5 Qxe5 14. f4 Qe8 15. Bd2 Bf5 0-1

[Event "ZI-2020-0-02645"]
[Site "LSS email"]
[Date "2020.05.09"]
[Round "?"]
[White "Richter, Klaus"]
[Black "Lavis, Jon"]
[Result "0-1"]
[WhiteElo "1746"]
[BlackElo "1907"]
[PlyCount "70"]
[EventDate "2020.02.26"]
[EventType "match (corr)"]
[EventRounds "2"]
[EventCountry "GER"]
[SourceTitle "Corr 2022"]
[Source "ChessBase"]
[SourceDate "2021.10.24"]
[SourceVersion "1"]
[SourceVersionDate "2021.10.24"]
[SourceQuality "1"]

1. d4 d5 2. e4 dxe4 3. Nc3 Nf6 4. f3 exf3 5. Nxf3 g6 6. Bc4 Bg7 7. Be3 0-0 8. Qe2 Nbd7 9. 0-0 Nb6 10. Bb3 a5 11. a4 c6 12. Rae1 Nbd5 13. Bc1 Qb6 14. Nxd5 Nxd5 15. Bxd5 cxd5 16. Qxe7 Be6 17. c3 Rfe8 18. Qa3 Bf5 19. Bf4 Bd3 20. Rf2 Ba6 21. Rxe8+ Rxe8 22. h3 f6 23. Qa1 Qc6 24. Qd1 b5 25. axb5 Bxb5 26. Ne1 h5 27. Bd2 Qe6 28. Nc2 Ba4 29. Qc1 Bb5 30. Qd1 Bd3 31. Bf4 Qe4 32. h4 a4 33. Ne3 Bb5 34. Kh2 Rf8 35. Rf3 Rf7 0-1

[Event "RC-2020-0-00241"]
[Site "LSS email"]
[Date "2020.04.16"]
[Round "?"]
[White "Richter, Klaus"]
[Black "Peterson, Oscar"]
[Result "1-0"]
[WhiteElo "1753"]
[BlackElo "800"]
[PlyCount "43"]
[EventDate "2019.12.12"]
[EventType "tourn (corr)"]
[EventRounds "6"]
[EventCountry "GER"]
[SourceTitle "Corr 2022"]
[Source "ChessBase"]
[SourceDate "2021.10.24"]
[SourceVersion "1"]
[SourceVersionDate "2021.10.24"]
[SourceQuality "1"]

1. d4 Nf6 2. f3 g6 3. e4 d6 4. Nc3 Bg7 5. Be3 Nbd7 6. Qd2 c5 7. dxc5 dxc5 8. 0-0-0 Qa5 9. Kb1 a6 10. Bh6 Bxh6 11. Qxh6 Ne5 12. Nh3 Bxh3 13. Qxh3 Nc6 14. f4 Rd8 15. Be2 Nd4 16. Bf3 0-0 17. e5 Ne8 18. g4 c4 19. f5 Qxe5 20. Nd5 Rxd5 21. Bxd5 Qxd5 22. Qc3 1-0

[Event "OP-2020-0-04950"]
[Site "LSS email"]
[Date "2020.03.26"]
[Round "?"]
[White "Richter, Klaus"]
[Black "Trebichalsky, Rastislav"]
[Result "1-0"]
[WhiteElo "1737"]
[BlackElo "418"]
[PlyCount "61"]
[EventDate "2020.03.26"]
[EventType "tourn (corr)"]
[EventRounds "4"]
[EventCountry "GER"]
[SourceTitle "Corr 2022"]
[Source "ChessBase"]
[SourceDate "2021.10.24"]
[SourceVersion "1"]
[SourceVersionDate "2021.10.24"]
[SourceQuality "1"]

1. d4 d5 2. e4 dxe4 3. Nc3 Nf6 4. f3 exf3 5. Nxf3 Bg4 6. h3 Bxf3 7. Qxf3 Nc6 8. Bb5 Qd6 9. d5 Nxd5 10. Qxd5 Qxd5 11. Nxd5 0-0-0 12. Bxc6 bxc6 13. Nb4 Kb7 14. Nd3 e6 15. Ne5 Rd4 16. Nxf7 Rg8 17. 0-0 h6 18. Be3 Re4 19. Rae1 Rh4 20. Nd8+ Kc8 21. Nxe6 Be7 22. Rf7 Bf6 23. Rxc7+ Kb8 24. Bxa7+ Ka8 25. Bc5 Kb8 26. g4 Re8 27. Bd6 Bd4+ 28. Nxd4 Rxe1+ 29. Kf2 Re4 30. Nxc6+ Ka8 31. Ra7# 1-0

[Event "RC-2020-0-00240"]
[Site "LSS email"]
[Date "2020.03.16"]
[Round "?"]
[White "Korchut, Adam"]
[Black "Richter, Klaus"]
[Result "0-1"]
[WhiteElo "1828"]
[BlackElo "1745"]
[PlyCount "102"]
[EventDate "2019.11.04"]
[EventType "tourn (corr)"]
[EventRounds "6"]
[EventCountry "GER"]
[SourceTitle "Corr 2022"]
[Source "ChessBase"]
[SourceDate "2021.10.24"]
[SourceVersion "1"]
[SourceVersionDate "2021.10.24"]
[SourceQuality "1"]

1. e4 e5 2. Nf3 Nc6 3. Bc4 Bc5 4. d3 Nf6 5. Nc3 d6 6. Bg5 Na5 7. Nd5 Nxc4 8. dxc4 c6 9. Nxf6+ gxf6 10. Bh4 Rg8 11. 0-0 Qd7 12. Nd2 Qg4 13. Qxg4 Bxg4 14. Rfe1 Rg6 15. Kh1 0-0-0 16. Bg3 Rdg8 17. Rab1 Be6 18. b4 Bb6 19. a4 a5 20. c3 f5 21. exf5 Bxf5 22. Rb2 axb4 23. cxb4 Bd4 24. Rb3 Bc2 25. Ra3 f5 26. Nf3 c5 27. Ra2 Bb3 28. Ra3 Bxc4 29. Nxd4 cxb4 30. Raa1 exd4 31. Rab1 b3 32. Rec1 d5 33. Rxb3 Rc6 34. Rb2 d3 35. Bf4 Re8 36. g3 Re2 37. Rd2 d4 38. Kg1 Kd7 39. Rb1 Ba6 40. Rb4 Rc2 41. Rxd4+ Kc6 42. Rd6+ Kc5 43. R2xd3 Bxd3 44. Rxd3 Kb4 45. Rf3 Kxa4 46. Bd6 Rc6 47. Kf1 Re4 48. Bf8 Rf6 49. Bc5 f4 50. gxf4 Rfxf4 51. Rc3 Ka5 0-1

[Event "RC-2020-0-00240"]
[Site "LSS email"]
[Date "2020.03.10"]
[Round "?"]
[White "Richter, Klaus"]
[Black "Peterson, Oscar"]
[Result "0-1"]
[WhiteElo "1745"]
[BlackElo "800"]
[PlyCount "107"]
[EventDate "2019.11.04"]
[EventType "tourn (corr)"]
[EventRounds "6"]
[EventCountry "GER"]
[SourceTitle "Corr 2022"]
[Source "ChessBase"]
[SourceDate "2021.10.24"]
[SourceVersion "1"]
[SourceVersionDate "2021.10.24"]
[SourceQuality "1"]

1. d4 Nf6 2. f3 g6 3. e4 d6 4. Ne2 Bg7 5. c4 0-0 6. Nbc3 Nbd7 7. Be3 c5 8. d5 Ne5 9. Ng3 h5 10. Be2 h4 11. Nf1 e6 12. f4 Nxc4 13. Bxc4 b5 14. Bxb5 exd5 15. e5 dxe5 16. fxe5 Bg4 17. Be2 Bxe2 18. Qxe2 Nd7 19. Bf4 g5 20. Bc1 Nxe5 21. Nd2 d4 22. Nce4 f5 23. Nf2 d3 24. Qe3 Qd6 25. Qxg5 Ng4 26. Nxg4 fxg4 27. Kd1 Qd4 28. a4 Rae8 29. Ra3 Re2 30. Rb3 Rxg2 31. Re1 g3 32. Nf3 Qc4 33. Rc3 Qxa4+ 34. b3 Qd7 35. Re7 gxh2 36. Qxg2 Qxe7 37. Rxd3 c4 38. bxc4 Qe4 39. Re3 Rd8+ 40. Ke2 Qxc4+ 41. Kf2 Qxc1 42. Qxh2 Qc2+ 43. Re2 Qc5+ 44. Kg2 Qc4 45. Kh3 Rf8 46. Qg2 Qd3 47. Rf2 Rf4 48. Kh2 Qf5 49. Rf1 a5 50. Nd4 Qe4 51. Qxe4 Rxe4 52. Nf5 Kh7 53. Kh3 a4 54. Nxh4 0-1

[Event "RC-2020-0-00240"]
[Site "LSS email"]
[Date "2020.03.04"]
[Round "?"]
[White "Mueller, Bernd"]
[Black "Richter, Klaus"]
[Result "1/2-1/2"]
[WhiteElo "1790"]
[BlackElo "1745"]
[PlyCount "59"]
[EventDate "2019.11.04"]
[EventType "tourn (corr)"]
[EventRounds "6"]
[EventCountry "GER"]
[SourceTitle "Corr 2022"]
[Source "ChessBase"]
[SourceDate "2021.10.24"]
[SourceVersion "1"]
[SourceVersionDate "2021.10.24"]
[SourceQuality "1"]

1. d4 d5 2. e3 Bf5 3. c4 c6 4. Bd3 Bxd3 5. Qxd3 e6 6. a4 dxc4 7. Qxc4 Qd5 8. Qf1 c5 9. Nc3 Qd7 10. dxc5 Bxc5 11. Qc4 Qc6 12. Nf3 Nf6 13. 0-0 Nbd7 14. b4 Be7 15. Qxc6 bxc6 16. b5 Rc8 17. Bb2 a6 18. bxa6 Ra8 19. a5 0-0 20. Nd2 Rxa6 21. Nc4 Nd5 22. e4 Bf6 23. Na2 Bxb2 24. Nxb2 Ne7 25. Nc4 g5 26. f3 Ra7 27. Rfb1 Rfa8 28. Nc3 Ng6 29. Na4 Nge5 30. Nab6 1/2-1/2

[Event "OP-2020-0-04910"]
[Site "LSS email"]
[Date "2020.01.17"]
[Round "?"]
[White "Caviglia, Maximiliano"]
[Black "Richter, Klaus"]
[Result "1/2-1/2"]
[WhiteElo "1226"]
[BlackElo "1756"]
[PlyCount "91"]
[EventDate "2020.01.06"]
[EventType "tourn (corr)"]
[EventRounds "4"]
[EventCountry "GER"]
[SourceTitle "Corr 2022"]
[Source "ChessBase"]
[SourceDate "2021.10.24"]
[SourceVersion "1"]
[SourceVersionDate "2021.10.24"]
[SourceQuality "1"]

1. d4 d5 2. Nf3 c6 3. Bf4 e6 4. e3 Bd6 5. Bg3 Nf6 6. Bd3 0-0 7. Nbd2 b6 8. c3 c5 9. Qb1 Be7 10. Be5 h6 11. 0-0 Nc6 12. h3 Nxe5 13. Nxe5 Bb7 14. f4 Bd6 15. g4 Rc8 16. Rf2 Rc7 17. Rg2 c4 18. Bc2 Bxe5 19. fxe5 Ne4 20. Bxe4 dxe4 21. Qe1 f5 22. Qg3 f4 23. exf4 e3 24. Qxe3 Bxg2 25. Kxg2 Rcf7 26. Rf1 Qd5+ 27. Kg1 g5 28. Ne4 Rxf4 29. Rxf4 gxf4 30. Qe1 Kg7 31. Kf2 Qb5 32. Qe2 Qc6 33. a3 Qb7 34. Nf6 Qh1 35. Qe4 Qxe4 36. Nxe4 b5 37. Kf3 a5 38. Nc5 Kf7 39. Ne4 Ke7 40. Nd6 Rb8 41. h4 b4 42. axb4 axb4 43. Kxf4 bxc3 44. bxc3 Rb3 45. Ne4 Rb1 46. Kg3 1/2-1/2

[Event "OP-2020-0-04910"]
[Site "LSS email"]
[Date "2020.01.17"]
[Round "?"]
[White "Richter, Klaus"]
[Black "Soeira, Bruno"]
[Result "1-0"]
[WhiteElo "1756"]
[BlackElo "800"]
[PlyCount "25"]
[EventDate "2020.01.06"]
[EventType "tourn (corr)"]
[EventRounds "4"]
[EventCountry "GER"]
[SourceTitle "Corr 2022"]
[Source "ChessBase"]
[SourceDate "2021.10.24"]
[SourceVersion "1"]
[SourceVersionDate "2021.10.24"]
[SourceQuality "1"]

1. d4 f5 2. Nf3 Nf6 3. Bg5 g6 4. Nbd2 Bg7 5. Bxf6 Bxf6 6. e4 0-0 7. e5 Bg7 8. h4 d6 9. h5 gxh5 10. Ng5 h6 11. Qxh5 Qe8 12. Qh2 Qg6 13. Nh3 1-0

[Event "OP-2020-0-04908"]
[Site "LSS email"]
[Date "2020.01.12"]
[Round "?"]
[White "Richter, Klaus"]
[Black "Madrid, Pedro"]
[Result "1-0"]
[WhiteElo "1756"]
[BlackElo "1378"]
[PlyCount "21"]
[EventDate "2020.01.01"]
[EventType "tourn (corr)"]
[EventRounds "4"]
[EventCountry "GER"]
[SourceTitle "Corr 2022"]
[Source "ChessBase"]
[SourceDate "2021.10.24"]
[SourceVersion "1"]
[SourceVersionDate "2021.10.24"]
[SourceQuality "1"]

1. d4 d6 2. e4 g6 3. Nc3 Bg7 4. Nf3 Nf6 5. h3 0-0 6. Be3 Nbd7 7. Bc4 e5 8. 0-0 c6 9. dxe5 dxe5 10. Qd6 Qa5 11. Ng5 1-0

[Event "OP-2019-0-04881"]
[Site "LSS email"]
[Date "2019.12.16"]
[Round "?"]
[White "Perez, Fanta"]
[Black "Richter, Klaus"]
[Result "0-1"]
[WhiteElo "1696"]
[BlackElo "1741"]
[PlyCount "22"]
[EventDate "2019.11.22"]
[EventType "tourn (corr)"]
[EventRounds "4"]
[EventCountry "GER"]
[SourceTitle "Corr 2022"]
[Source "ChessBase"]
[SourceDate "2021.10.24"]
[SourceVersion "1"]
[SourceVersionDate "2021.10.24"]
[SourceQuality "1"]

1. e4 e5 2. f4 exf4 3. Nf3 g5 4. Bc4 Bg7 5. 0-0 d6 6. c3 Nc6 7. d4 h6 8. Qa4 Bd7 9. Qb3 Na5 10. Bxf7+ Ke7 11. Qa3 Kxf7 0-1

[Event "OP-2019-0-04881"]
[Site "LSS email"]
[Date "2019.12.16"]
[Round "?"]
[White "Richter, Klaus"]
[Black "Simonov, Nikolaj"]
[Result "0-1"]
[WhiteElo "1741"]
[BlackElo "1422"]
[PlyCount "72"]
[EventDate "2019.11.22"]
[EventType "tourn (corr)"]
[EventRounds "4"]
[EventCountry "GER"]
[SourceTitle "Corr 2022"]
[Source "ChessBase"]
[SourceDate "2021.10.24"]
[SourceVersion "1"]
[SourceVersionDate "2021.10.24"]
[SourceQuality "1"]

1. d4 Nf6 2. f3 d5 3. e4 dxe4 4. Nc3 exf3 5. Nxf3 c6 6. Bc4 Bf5 7. Bg5 Nbd7 8. Qe2 e6 9. 0-0-0 Be7 10. Bxf6 Nxf6 11. Ne5 h5 12. Kb1 Qc7 13. h3 h4 14. Rhf1 g6 15. Rde1 Rh7 16. Qe3 Qd6 17. Rd1 Rd8 18. Be2 Kf8 19. Bg4 Qc7 20. a3 Kg8 21. Bxf5 exf5 22. Nf3 a6 23. Qe5 Ne8 24. Qe1 Bf6 25. Na4 Rh8 26. Nc5 a5 27. Qd2 Kg7 28. c3 b6 29. Nd3 Nd6 30. Qf4 c5 31. Nde5 b5 32. Rc1 Rhe8 33. Ka1 Qb6 34. Qd2 Ne4 35. Qc2 Qe6 36. Qb3 Qxb3 0-1

[Event "OP-2019-0-04872"]
[Site "LSS email"]
[Date "2019.11.11"]
[Round "?"]
[White "Richter, Klaus"]
[Black "Schleef, Harald"]
[Result "0-1"]
[WhiteElo "1745"]
[BlackElo "1879"]
[PlyCount "116"]
[EventDate "2019.11.03"]
[EventType "tourn (corr)"]
[EventRounds "4"]
[EventCountry "GER"]
[SourceTitle "Corr 2022"]
[Source "ChessBase"]
[SourceDate "2021.10.24"]
[SourceVersion "1"]
[SourceVersionDate "2021.10.24"]
[SourceQuality "1"]

1. d4 Nf6 2. f3 d5 3. e4 dxe4 4. Nc3 exf3 5. Nxf3 e6 6. Bg5 Be7 7. Qd2 0-0 8. Bd3 c5 9. 0-0-0 cxd4 10. Nxd4 e5 11. Nf3 Nc6 12. h4 Nb4 13. Qe3 Qb6 14. Qxe5 Nxd3+ 15. Rxd3 Re8 16. Qb5 Qxb5 17. Nxb5 Bf5 18. Rdd1 Rac8 19. c3 Red8 20. Bxf6 gxf6 21. Rxd8+ Rxd8 22. Nbd4 Bc8 23. Kc2 Kg7 24. Rd1 Kh6 25. b4 Kh5 26. g3 Kg4 27. Nd2 Bd6 28. Nf1 Be5 29. Ne3+ Kh3 30. Kd3 h5 31. Ke4 b5 32. Nef5 Bxf5+ 33. Kxf5 a6 34. Rd3 Bxg3 35. Kxf6 Kg4 36. Kxf7 Bxh4 37. Re3 Rd7+ 38. Kg6 Rd6+ 39. Kf7 Rf6+ 40. Ke8 Bf2 41. Re7 h4 42. Rg7+ Kh5 43. Ke7 Rg6 44. Rf7 Bg3 45. Rh7+ Kg4 46. Kf7 Rg5 47. Kf6 Be1 48. Ne2 Rf5+ 49. Ke6 Rf2 50. Rg7+ Kh5 51. Ng1 Bxc3 52. Rg8 Rf6+ 53. Kd5 Rg6 54. Rc8 Rxg1 55. Rxc3 Rg3 56. Rc7 Rg6 57. Rc1 h3 58. Ke4 Kh4 0-1

[Event "RC-2019-0-00236"]
[Site "LSS email"]
[Date "2019.11.05"]
[Round "?"]
[White "Richter, Klaus"]
[Black "Morin, Stephane"]
[Result "1/2-1/2"]
[WhiteElo "1748"]
[BlackElo "1848"]
[PlyCount "88"]
[EventDate "2019.08.05"]
[EventType "tourn (corr)"]
[EventRounds "6"]
[EventCountry "GER"]
[SourceTitle "Corr 2022"]
[Source "ChessBase"]
[SourceDate "2021.10.24"]
[SourceVersion "1"]
[SourceVersionDate "2021.10.24"]
[SourceQuality "1"]

1. d4 Nf6 2. f3 d5 3. e4 dxe4 4. Nc3 exf3 5. Nxf3 c6 6. Bd3 Bg4 7. h3 Bh5 8. g4 Bg6 9. 0-0 Nbd7 10. Bf4 e6 11. g5 Nd5 12. Nxd5 cxd5 13. Bb5 a6 14. Bxd7+ Qxd7 15. Ne5 Qd8 16. Nxg6 hxg6 17. Qg4 Qb6 18. Be5 Bd6 19. Bxd6 Qxd6 20. Rf2 0-0 21. Re1 Rae8 22. Re5 Rc8 23. Re3 Rc4 24. c3 b5 25. a3 a5 26. h4 b4 27. axb4 axb4 28. Ref3 bxc3 29. bxc3 e5 30. Qg3 Qa3 31. Qxe5 Rxc3 32. Qxd5 Rxf3 33. Rxf3 Qe7 34. Kg2 Qe2+ 35. Kh3 Qe1 36. Ra3 Qf1+ 37. Qg2 Qf5+ 38. Kg3 Kh7 39. Qf3 Qb1 40. Ra8 Qg1+ 41. Kh3 Rxa8 42. Qxa8 Qe3+ 43. Kg2 Qxd4 44. Kh3 Qe3+ 1/2-1/2

[Event "OP-2019-0-04867"]
[Site "LSS email"]
[Date "2019.11.01"]
[Round "?"]
[White "Richter, Klaus"]
[Black "Gonzalez Castells, Jose Maria"]
[Result "1-0"]
[WhiteElo "1743"]
[BlackElo "1370"]
[PlyCount "109"]
[EventDate "2019.10.21"]
[EventType "tourn (corr)"]
[EventRounds "4"]
[EventCountry "GER"]
[SourceTitle "Corr 2022"]
[Source "ChessBase"]
[SourceDate "2021.10.24"]
[SourceVersion "1"]
[SourceVersionDate "2021.10.24"]
[SourceQuality "1"]

1. d4 Nf6 2. f3 d5 3. e4 dxe4 4. Nc3 exf3 5. Nxf3 g6 6. Bf4 Bg7 7. Qd2 0-0 8. 0-0-0 Bg4 9. h3 Bxf3 10. gxf3 e6 11. h4 Nc6 12. Qh2 Nh5 13. Bxc7 Qd7 14. Bb5 a6 15. Bxc6 Qxc6 16. Rd3 b5 17. d5 exd5 18. Nxd5 Rfe8 19. Bd6 Ra7 20. Rhd1 Rd7 21. Nc7 Red8 22. Nd5 Bh6+ 23. Kb1 Bf8 24. Be7 Re8 25. Bxf8 Rxd5 26. Bb4 Rxd3 27. Rxd3 Ng7 28. Bc3 h5 29. a3 Nf5 30. Qd2 f6 31. Bb4 Qe6 32. Qf2 Rc8 33. Qg1 Nxh4 34. Be1 Ng2 35. Bc3 Rxc3 36. Rxc3 Qe1+ 37. Qxe1 Nxe1 38. Kc1 Ng2 39. Kd2 h4 40. Ke2 Nf4+ 41. Kf2 Nh3+ 42. Kf1 Ng5 43. Kg2 h3+ 44. Kh2 Kf7 45. Rc7+ Ke6 46. Rc6+ Ke7 47. Rxa6 Nxf3+ 48. Kxh3 Ng5+ 49. Kg4 Ne4 50. b3 Nd6 51. a4 bxa4 52. bxa4 Kd7 53. a5 Kc7 54. Rb6 Nc4 55. Rxf6 1-0

[Event "OP-2019-0-04867"]
[Site "LSS email"]
[Date "2019.11.01"]
[Round "?"]
[White "Richter, Klaus"]
[Black "Madrid, Pedro"]
[Result "1-0"]
[WhiteElo "1743"]
[BlackElo "1376"]
[PlyCount "61"]
[EventDate "2019.10.21"]
[EventType "tourn (corr)"]
[EventRounds "4"]
[EventCountry "GER"]
[SourceTitle "Corr 2022"]
[Source "ChessBase"]
[SourceDate "2021.10.24"]
[SourceVersion "1"]
[SourceVersionDate "2021.10.24"]
[SourceQuality "1"]

1. d4 Nf6 2. f3 c6 3. e4 d6 4. Be3 Nbd7 5. c4 e5 6. d5 c5 7. Nc3 Be7 8. Nge2 a6 9. Ng3 Nf8 10. Bd3 Ng6 11. Qd2 Bd7 12. Nf5 Kf8 13. Nxe7 Qxe7 14. 0-0 h5 15. a3 h4 16. b4 b6 17. Rab1 Be8 18. Rb2 Nh5 19. bxc5 bxc5 20. Ne2 a5 21. Rfb1 Ra7 22. Rb8 Kg8 23. R1b6 Kh7 24. f4 exf4 25. Nxf4 Nhxf4 26. Bxf4 Ne5 27. Bxe5 Qxe5 28. Qb2 Qf4 29. Qf2 Qe5 30. Rxd6 g6 31. Rdd8 1-0

[Event "RC-2019-0-00236"]
[Site "LSS email"]
[Date "2019.11.01"]
[Round "?"]
[White "Sofia, Gerardo"]
[Black "Richter, Klaus"]
[Result "1/2-1/2"]
[WhiteElo "1650"]
[BlackElo "1748"]
[PlyCount "111"]
[EventDate "2019.08.05"]
[EventType "tourn (corr)"]
[EventRounds "6"]
[EventCountry "GER"]
[SourceTitle "Corr 2022"]
[Source "ChessBase"]
[SourceDate "2021.10.24"]
[SourceVersion "1"]
[SourceVersionDate "2021.10.24"]
[SourceQuality "1"]

1. e4 e5 2. Nf3 Nc6 3. Bb5 Nf6 4. d3 Bc5 5. Bxc6 dxc6 6. Qe2 Bd6 7. 0-0 0-0 8. Rd1 Re8 9. a4 h6 10. h3 a6 11. Be3 Bd7 12. Nbd2 c5 13. c3 Be6 14. b3 b6 15. Nc4 Bxc4 16. bxc4 a5 17. Nd2 Bf8 18. Nf1 g6 19. f4 exf4 20. Bxf4 Bg7 21. Qd2 h5 22. Nh2 Nd7 23. Nf3 Qf6 24. Rdc1 Qc6 25. Rf1 Rad8 26. Bg5 f6 27. Bf4 Rf8 28. Qc2 Ne5 29. Rad1 Kh7 30. Bg3 Qd7 31. d4 Nxc4 32. Rfe1 Bh6 33. dxc5 Qc6 34. Nd4 Qxc5 35. Bf2 Rde8 36. Ne6 Qc6 37. Nxf8+ Bxf8 38. Bd4 Re6 39. g4 Ne5 40. Qe2 hxg4 41. hxg4 Kg8 42. Rf1 Qxa4 43. g5 fxg5 44. Bxe5 Rxe5 45. Rd8 Re8 46. Rxe8 Qxe8 47. e5 Bc5+ 48. Kh2 Kg7 49. e6 Bd6+ 50. Kg1 Qc6 51. Rf7+ Kg8 52. c4 Bc5+ 53. Kh2 a4 54. Rf6 Bd6+ 55. Kg1 Bc5+ 56. Kh2 1/2-1/2

[Event "RC-2019-0-00232"]
[Site "LSS email"]
[Date "2019.08.05"]
[Round "?"]
[White "Laczay, Istvan"]
[Black "Richter, Klaus"]
[Result "1/2-1/2"]
[WhiteElo "1687"]
[BlackElo "1749"]
[PlyCount "65"]
[EventDate "2019.04.02"]
[EventType "tourn (corr)"]
[EventRounds "6"]
[EventCountry "GER"]
[SourceTitle "Corr 2022"]
[Source "ChessBase"]
[SourceDate "2021.10.24"]
[SourceVersion "1"]
[SourceVersionDate "2021.10.24"]
[SourceQuality "1"]

1. d4 d5 2. Nf3 c6 3. c4 Nf6 4. e3 Bg4 5. h3 Bxf3 6. Qxf3 e6 7. Bd3 Bd6 8. Nc3 0-0 9. 0-0 Re8 10. Bd2 Nbd7 11. cxd5 exd5 12. Rfe1 Bc7 13. b4 a6 14. a4 h6 15. b5 Nf8 16. Red1 axb5 17. axb5 Rxa1 18. Rxa1 Qd6 19. g3 c5 20. dxc5 Qxc5 21. Rc1 Ne6 22. e4 Nd4 23. Qd1 Qa3 24. Be3 dxe4 25. Nxe4 Be5 26. Nxf6+ Bxf6 27. Bf1 g6 28. Qd3 Qxd3 29. Bxd3 Bg5 30. Bxg5 hxg5 31. Kg2 Rd8 32. b6 Rd6 33. Be4 1/2-1/2

[Event "OP-2019-0-04812"]
[Site "LSS email"]
[Date "2019.07.26"]
[Round "?"]
[White "Richter, Klaus"]
[Black "Kovacs, Arthur"]
[Result "0-1"]
[WhiteElo "1763"]
[BlackElo "2487"]
[PlyCount "82"]
[EventDate "2019.07.13"]
[EventType "tourn (corr)"]
[EventRounds "4"]
[EventCountry "GER"]
[SourceTitle "Corr 2022"]
[Source "ChessBase"]
[SourceDate "2021.10.24"]
[SourceVersion "1"]
[SourceVersionDate "2021.10.24"]
[SourceQuality "1"]

1. d4 Nf6 2. f3 d5 3. e4 dxe4 4. Nc3 exf3 5. Nxf3 e6 6. Bg5 Be7 7. Bd3 0-0 8. 0-0 Nc6 9. Qe1 Nxd4 10. Rd1 h6 11. Bh4 Ne8 12. Bg3 Nxf3+ 13. Rxf3 Bc5+ 14. Kh1 Qe7 15. Qe2 f5 16. Re1 Nd6 17. Nb5 Nxb5 18. Bxb5 Bd7 19. a4 Bxb5 20. Qxb5 Rad8 21. Qb3 Kh7 22. Rff1 Rfe8 23. Re2 b6 24. Rfe1 Qf7 25. Be5 Rd5 26. Qf3 Qd7 27. b3 Re7 28. h3 a5 29. Qf4 Bd4 30. Bxd4 Rxd4 31. Qf3 Rd1 32. Qf1 Rxe1 33. Qxe1 e5 34. Rxe5 Rxe5 35. Qxe5 Qd1+ 36. Kh2 Qd6 37. Qg3 Qxg3+ 38. Kxg3 Kg6 39. Kf4 Kf6 40. g4 g5+ 41. Ke3 f4+ 0-1

[Event "OP-2019-0-04804"]
[Site "LSS email"]
[Date "2019.07.07"]
[Round "?"]
[White "Wisham, Clyde"]
[Black "Richter, Klaus"]
[Result "1-0"]
[WhiteElo "2226"]
[BlackElo "1760"]
[PlyCount "91"]
[EventDate "2019.06.29"]
[EventType "tourn (corr)"]
[EventRounds "4"]
[EventCountry "GER"]
[SourceTitle "Corr 2022"]
[Source "ChessBase"]
[SourceDate "2021.10.24"]
[SourceVersion "1"]
[SourceVersionDate "2021.10.24"]
[SourceQuality "1"]

1. d4 d5 2. c4 c6 3. Nf3 Nf6 4. e3 Bf5 5. Nc3 e6 6. Nh4 Be4 7. f3 Bg6 8. Qb3 Qc7 9. Nxg6 hxg6 10. Bd2 a6 11. c5 Nbd7 12. 0-0-0 b6 13. cxb6 Nxb6 14. Kb1 Be7 15. h4 a5 16. Qc2 a4 17. a3 Qb7 18. Ka1 Nfd7 19. g4 Nc4 20. Bxc4 dxc4 21. Be1 Qb3 22. Qe2 Nb6 23. e4 Rb8 24. f4 Nd7 25. Nb1 Bd6 26. Rf1 c3 27. Bxc3 Qb5 28. Qe1 Be7 29. g5 Rb7 30. f5 gxf5 31. exf5 Qd5 32. fxe6 fxe6 33. Qf2 Rf8 34. Qe2 Rb5 35. Qh5+ Kd8 36. Qh7 Qg2 37. Rfe1 Rf2 38. Rd2 Rxd2 39. Nxd2 Bf8 40. Qc2 Qd5 41. Qxa4 Be7 42. Nc4 Rb8 43. Qa6 Qb5 44. Qxb5 cxb5 45. Ba5+ Ke8 46. Nd6+ 1-0